[Event "Moscow op-E"]
[Site "Moscow"]
[Date "2011.02.06"]
[Round "9.136"]
[White "Pranizin, Gennady"]
[Black "Tutunnikov, Nikolay"]
[Result "1-0"]
[WhiteElo "2159"]
[BlackElo "2004"]
[PlyCount "57"]
[EventDate "2011.01.29"]
[EventType "swiss"]
[EventRounds "9"]
[EventCountry "RUS"]
[SourceTitle "EXT 2022"]
[Source "ChessBase"]
[SourceDate "2021.10.06"]
[SourceVersion "1"]
[SourceVersionDate "2021.10.06"]
[SourceQuality "1"]

1. e4 e5 2. Nf3 Nc6 3. Bb5 Bc5 4. 0-0 Nf6 5. d3 d6 6. c3 Bd7 7. Bg5 h6 8. Bh4 Qe7 9. d4 Bb6 10. d5 Nb8 11. Bxd7+ Nbxd7 12. Nbd2 g5 13. Bg3 Nh5 14. Nc4 0-0 15. Nfxe5 Nxg3 16. Nxd7 Nxf1 17. Nxf8 Nxh2 18. Kxh2 Rxf8 19. Qf3 Kg7 20. a4 c6 21. a5 Bd8 22. Rd1 c5 23. Ne3 Qe5+ 24. g3 h5 25. Nf5+ Kg6 26. Kg2 Re8 27. Qxh5+ Kxh5 28. Rh1+ Kg4 29. f3# 1-0

[Event "Moscow op-E"]
[Site "Moscow"]
[Date "2011.02.04"]
[Round "7.145"]
[White "Tutunnikov, Nikolay"]
[Black "Lugovskoy, Maxim"]
[Result "1-0"]
[WhiteElo "2004"]
[BlackElo "2136"]
[PlyCount "35"]
[EventDate "2011.01.29"]
[EventType "swiss"]
[EventRounds "9"]
[EventCountry "RUS"]
[SourceTitle "EXT 2022"]
[Source "ChessBase"]
[SourceDate "2021.10.06"]
[SourceVersion "1"]
[SourceVersionDate "2021.10.06"]
[SourceQuality "1"]

1. e4 e6 2. d4 d5 3. Nc3 Bb4 4. Bd3 Ne7 5. Bd2 c5 6. dxc5 Bxc5 7. Nf3 Nbc6 8. 0-0 a6 9. a3 d4 10. Ne2 e5 11. Ng3 0-0 12. Nh4 Ng6 13. Nhf5 Nh4 14. Qh5 Nxf5 15. exf5 g6 16. Qh6 Be7 17. Nh5 Bf6 18. Bg5 1-0

[Event "Moscow op-E"]
[Site "Moscow"]
[Date "2011.01.30"]
[Round "2.233"]
[White "Belskiy, Artem"]
[Black "Tutunnikov, Nikolay"]
[Result "1-0"]
[WhiteElo "1618"]
[BlackElo "2004"]
[PlyCount "83"]
[EventDate "2011.01.29"]
[EventType "swiss"]
[EventRounds "9"]
[EventCountry "RUS"]
[SourceTitle "EXT 2022"]
[Source "ChessBase"]
[SourceDate "2021.10.06"]
[SourceVersion "1"]
[SourceVersionDate "2021.10.06"]
[SourceQuality "1"]

1. d4 Nf6 2. c4 g6 3. Nc3 Bg7 4. f3 0-0 5. e4 c5 6. d5 d6 7. Be3 e6 8. Qd2 exd5 9. cxd5 a6 10. a4 Re8 11. Bd3 Qa5 12. Nge2 b5 13. 0-0 b4 14. Nd1 Nbd7 15. Nc1 Bb7 16. Nb3 Qc7 17. Rc1 Ne5 18. Bf4 Nfd7 19. Nf2 Rac8 20. Bc4 Nxc4 21. Rxc4 Nb6 22. Rxc5 Qd7 23. Rxc8 Rxc8 24. Qxb4 Nxa4 25. Nd3 Nxb2 26. Nxb2 Bxb2 27. Na5 Bc3 28. Qxb7 Rc7 29. Qa8+ Kg7 30. Nc6 a5 31. Rb1 Rc8 32. Rb8 Rxb8 33. Qxb8 a4 34. Bxd6 h5 35. Bf8+ Kh7 36. Qf4 Bg7 37. Bxg7 Kxg7 38. Qe5+ Kh7 39. Qa1 Qd6 40. Qxa4 Qc5+ 41. Qd4 Qc1+ 42. Kf2 1-0

[Event "Moscow op-B"]
[Site "Moscow"]
[Date "2009.02.06"]
[Round "7"]
[White "Tutunnikov, Nikolay"]
[Black "Obrezchikov, Mikhail"]
[Result "1-0"]
[WhiteElo "1400"]
[BlackElo "1983"]
[PlyCount "65"]
[EventDate "2009.01.31"]
[EventType "swiss"]
[EventRounds "9"]
[EventCountry "RUS"]
[SourceTitle "EXT 2012"]
[Source "ChessBase"]
[SourceDate "2011.11.24"]
[SourceVersion "1"]
[SourceVersionDate "2011.11.24"]
[SourceQuality "1"]

1. e4 e6 2. d4 d5 3. Nc3 Nf6 4. Bg5 Be7 5. e5 Nfd7 6. Bxe7 Qxe7 7. f4 a6 8. Nf3 c5 9. dxc5 Nxc5 10. Qd2 b5 11. a3 Nc6 12. b4 Nd7 13. Bd3 Bb7 14. 0-0 g6 15. Ne2 Nb6 16. Ned4 Nc4 17. Qf2 Nxd4 18. Nxd4 Rc8 19. Nb3 Rc6 20. Qd4 0-0 21. Nc5 Bc8 22. a4 bxa4 23. Rxa4 a5 24. c3 axb4 25. cxb4 Nb6 26. Ra5 f6 27. Bb5 fxe5 28. Qxe5 Rxc5 29. bxc5 Qxc5+ 30. Kh1 Qb4 31. Ra7 Rf7 32. Rxf7 Kxf7 33. Qc7+ 1-0